Största Städer i Skåne - Statistics

General Stats
  • This quiz has been taken 273 times
  • The average score is 11 of 20
Answer Stats
Befolkning Stad % Correct
317,245 Malmö
100%
110,520 Helsingborg
96%
92,069 Lund
96%
19,705 Ystad
87%
41,022 Kristianstad
81%
30,453 Trelleborg
81%
19,569 Eslöv
66%
33,296 Landskrona
66%
28,232 Ängelholm
64%
12,631 Höör
64%
19,576 Hässleholm
62%
13,616 Lomma
43%
15,455 Höganäs
37%
12,470 Svedala
32%
10,660 Bjuv
30%
15,522 Höllviken
23%
10,589 Åstorp
18%
13,225 Oxie
17%
14,135 Bunkeflostrand
12%
15,999 Straffanstorp
2%
No matching quizzes found
Score Distribution
Percent of People with Each Score
Percentile by Number Answered
Your Score History
You have not taken this quiz